Martini's atlas of the human body / (Record no. 26039)

000 -LEADER
fixed length control field 01347cam a22003494a 4500
001 - CONTROL NUMBER
control field 15022431
003 - CONTROL NUMBER IDENTIFIER
control field OSt
005 - DATE AND TIME OF LATEST TRANSACTION
control field 20170201163940.0
008 - FIXED-LENGTH DATA ELEMENTS--GENERAL INFORMATION
fixed length control field 070924s2009 caua 000 0 eng
010 ## - LIBRARY OF CONGRESS CONTROL NUMBER
LC control number 2007039454
020 ## - INTERNATIONAL STANDARD BOOK NUMBER
International Standard Book Number 9780321505972
020 ## - INTERNATIONAL STANDARD BOOK NUMBER
International Standard Book Number 0321505972
035 ## - SYSTEM CONTROL NUMBER
System control number (DNLM)101317129
040 ## - CATALOGING SOURCE
Original cataloging agency DNLM/DLC
Transcribing agency DLC
Modifying agency DLC
042 ## - AUTHENTICATION CODE
Authentication code pcc
050 00 - LIBRARY OF CONGRESS CALL NUMBER
Classification number REF QM286 2009
060 10 - NATIONAL LIBRARY OF MEDICINE CALL NUMBER
Classification number QS 17
Item number M386m 2009
082 00 - DEWEY DECIMAL CLASSIFICATION NUMBER
Classification number 611
Edition number 22
100 1# - MAIN ENTRY--PERSONAL NAME
Personal name Martini, Frederic.
Dates associated with a name 2009
245 10 - TITLE STATEMENT
Title Martini's atlas of the human body /
Statement of responsibility, etc. by Frederic H. Martini ; with William C. Ober, art coordinator and illustrator ... [et al.].
246 30 - VARYING FORM OF TITLE
Title proper/short title Atlas of the human body
250 ## - EDITION STATEMENT
Edition statement 8th ed.
260 ## - PUBLICATION, DISTRIBUTION, ETC. (IMPRINT)
Place of publication, distribution, etc. San Francisco :
Name of publisher, distributor, etc. Pearson Benjamin Cummings,
Date of publication, distribution, etc. 2009.
300 ## - PHYSICAL DESCRIPTION
Extent vii, 151 p. :
Other physical details ill. (some col.) ;
Dimensions 28 cm.
650 #0 - SUBJECT ADDED ENTRY--TOPICAL TERM
Topical term or geographic name as entry element Human anatomy
Form subdivision Atlases.
650 12 - SUBJECT ADDED ENTRY--TOPICAL TERM
Topical term or geographic name as entry element Anatomy
Form subdivision Atlases.
650 22 - SUBJECT ADDED ENTRY--TOPICAL TERM
Topical term or geographic name as entry element Physiology
Form subdivision Atlases.
700 1# - ADDED ENTRY--PERSONAL NAME
Personal name Ober, William C.
856 41 - ELECTRONIC LOCATION AND ACCESS
Materials specified Table of contents only
Uniform Resource Identifier <a href="http://www.loc.gov/catdir/toc/ecip081/2007039454.html">http://www.loc.gov/catdir/toc/ecip081/2007039454.html</a>
906 ## - LOCAL DATA ELEMENT F, LDF (RLIN)
a 7
b cbc
c orignew
d 1
e ecip
f 20
g y-gencatlg
942 ## - ADDED ENTRY ELEMENTS (KOHA)
Source of classification or shelving scheme
Koha item type Hard Covered Materials
Classification part REF QM286 2009
Call number prefix 31994
Holdings
Withdrawn status Lost status Source of classification or shelving scheme Damaged status Not for loan Home library Current library Shelving location Date acquired Source of acquisition Total Checkouts Full call number Barcode Date last seen Price effective from Koha item type
          MACHAKOS UNIVERSITY LIBRARY MACHAKOS UNIVERSITY LIBRARY Open shelf 01/02/2017 Donation(BFA)   REF QM286 2009 31994 01/02/2017 01/02/2017 Hard Covered Materials
          MACHAKOS UNIVERSITY LIBRARY MACHAKOS UNIVERSITY LIBRARY Technical section 08/02/2017 Donation(BFA)   REF QM 25 .M286 2009 35168 08/02/2017 08/02/2017 Hard Covered Materials
© Machakos University Library, Along The Highway, Machakos Wote Rd, Machakos, Kenya P.O. Box 136 - 90100 Machakos - Kenya

Tel: ( +254 ) 723 805829 OR Fax : 044-20353 OR Email: library@mksu.ac.ke